000 003130000a22001450004500
003 MACL
040 _aMACL
090 _c32748
_d32746
100 _aBright, P S
245 _aHand book of Letters Writing
260 _bBright Careers Institute
350 _a25
650 _aLinguistics
942 _cBOOK
_k419/BRI
999 _c32413
_d32413